Pokémon - Les attaques de Migalos - Statistiques

Statistiques générales
  • Ce quiz a été pris 13 fois
    8 depuis la dernière actualisation
  • Le résultat moyen est 13 sur 20
Statistiques - réponses
Niveaux Types Noms des attaques % Correct
Niveau 59 Poison Fil Toxique
100%
Niveau 19 Spectre Ombre Portée
100%
Niveau 50 Poison Poison-Croix
100%
Départ Insecte Sécrétion
100%
Niveau 54 Insecte Toile Gluante
100%
Niveau 28 Ténèbres Coup Bas
75%
Départ Insecte Dard Mortel
75%
Niveau 8 Insecte Harcèlement
75%
Niveau 31 Psy Hâte
75%
Départ Insecte Piqûre
75%
Départ Plante Vol-Vie
75%
Départ Évolution Normal Danse-Lames
50%
Niveau 35 Insecte Dard-Nuée
50%
Départ Poison Dard-Venin
50%
Niveau 46 Poison Direct Toxik
50%
Niveau 15 Spectre Ombre Nocturne
50%
Niveau 23 Normal Combo-Griffe
25%
Niveau 12 Normal Grimace
25%
Niveau 41 Psy Psyko
25%
Départ Normal Puissance
0%
Aucun quiz correspondant
Distribution des résultats
% des personnes avec chaque résultat
Percentile par nombre de réponses
Votre historique - résultats
Vous n’avez pas pris ce quiz depuis la dernière actualisation